[Event "IM/GM Round-Robin"]
[Site "Heerlen and Maastricht, NL"]
[Date "2024.05.19"]
[Round "8"]
[White "Vandenbussche, Thibaut"]
[Black "De Winter, Arthur"]
[Result "1-0"]
[Board "4"]
[WhiteFideId "204412"]
[BlackFideId "1069020"]
[WhiteTitle "IM"]
[BlackTitle "IM"]
[WhiteElo "2424"]
[BlackElo "2407"]
[WhiteTeam "BEL"]
[BlackTeam "NED"]
[WhiteClock "0:33:48"]
[BlackClock "0:20:36"]
[Variant "Standard"]

1. e4 {[%clk 1:59:36]}  c6 {[%clk 2:00:25]} 2. d4 {[%clk 1:59:31]}  d5 {[%clk 2:00:37]} 3. e5 {[%clk 1:59:42]}  c5 {[%clk 2:00:49]} 4. c3 {[%clk 1:59:54]}  Nc6 {[%clk 2:00:59]} 5. Bb5 {[%clk 2:00:05]}  Qa5 {[%clk 1:55:30]} 6. Ba4 {[%clk 1:59:53]}  cxd4 {[%clk 1:50:30]} 7. b4 {[%clk 1:59:24]}  Qb6 {[%clk 1:47:40]} 8. a3 {[%clk 1:59:07]}  Bd7 {[%clk 1:34:51]} 9. Nf3 {[%clk 1:58:34]}  e6 {[%clk 1:33:27]} 10. cxd4 {[%clk 1:58:04]}  Nge7 {[%clk 1:27:33]} 11. Bb2 {[%clk 1:56:56]}  Nf5 {[%clk 1:25:09]} 12. O-O {[%clk 1:56:49]}  Be7 {[%clk 1:24:28]} 13. Bc2 {[%clk 1:48:22]}  g6 {[%clk 1:13:46]} 14. Nc3 {[%clk 1:37:23]}  a5 {[%clk 0:44:10]} 15. Bxf5 {[%clk 1:31:07]}  gxf5 {[%clk 0:38:57]} 16. b5 {[%clk 1:28:41]}  Na7 {[%clk 0:39:03]} 17. a4 {[%clk 1:28:47]}  Rc8 {[%clk 0:39:03]} 18. Ne2 {[%clk 1:26:54]}  Kd8 {[%clk 0:36:43]} 19. Rc1 {[%clk 1:19:38]}  Bb4 {[%clk 0:30:49]} 20. Nf4 {[%clk 1:17:55]}  Nxb5 {[%clk 0:30:54]} 21. axb5 {[%clk 1:17:40]}  Bxb5 {[%clk 0:31:05]} 22. Nd3 {[%clk 1:12:43]}  Rxc1 {[%clk 0:29:05]} 23. Bxc1 {[%clk 1:10:17]}  h6 {[%clk 0:29:12]} 24. Qc2 {[%clk 0:56:11]}  Bc4 {[%clk 0:24:42]} 25. Rd1 {[%clk 0:47:54]}  Be7 {[%clk 0:24:20]} 26. Bd2 {[%clk 0:42:49]}  Qb5 {[%clk 0:24:12]} 27. Nc5 {[%clk 0:40:53]}  Bxc5 {[%clk 0:21:52]} 28. dxc5 {[%clk 0:39:37]}  Rg8 {[%clk 0:20:28]} 29. Bxa5+ {[%clk 0:36:52]}  Ke7 {[%clk 0:20:36]} 30. Qd2 {[%clk 0:33:48]} 1-0

[Event "IM/GM Round-Robin"]
[Site "Heerlen and Maastricht, NL"]
[Date "2024.05.19"]
[Round "8"]
[White "Pham, Khoi"]
[Black "Feuerstack, Aljoscha"]
[Result "1/2-1/2"]
[Board "5"]
[WhiteFideId "1054988"]
[BlackFideId "4681932"]
[WhiteTitle "FM"]
[BlackTitle "IM"]
[WhiteElo "2399"]
[BlackElo "2487"]
[WhiteTeam "NED"]
[BlackTeam "GER"]
[WhiteClock "1:55:16"]
[BlackClock "1:59:06"]
[Variant "Standard"]

1. Nf3 {[%clk 1:59:27]}  c5 {[%clk 2:00:04]} 2. g3 {[%clk 1:59:05]}  b6 {[%clk 1:59:48]} 3. Bg2 {[%clk 1:59:01]}  Bb7 {[%clk 1:59:58]} 4. O-O {[%clk 1:58:49]}  Nf6 {[%clk 2:00:03]} 5. c4 {[%clk 1:57:46]}  e6 {[%clk 2:00:08]} 6. Nc3 {[%clk 1:57:42]}  Be7 {[%clk 2:00:13]} 7. Re1 {[%clk 1:57:11]}  d5 {[%clk 2:00:18]} 8. cxd5 {[%clk 1:55:55]}  Nxd5 {[%clk 2:00:27]} 9. d4 {[%clk 1:56:01]}  cxd4 {[%clk 2:00:12]} 10. Qa4+ {[%clk 1:55:16]}  Nd7 {[%clk 1:59:06]} 1/2-1/2

[Event "IM/GM Round-Robin"]
[Site "Heerlen and Maastricht, NL"]
[Date "2024.05.20"]
[Round "9"]
[White "Feuerstack, Aljoscha"]
[Black "Lodici, Lorenzo"]
[Result "0-1"]
[Board "1"]
[WhiteFideId "4681932"]
[BlackFideId "884189"]
[WhiteTitle "IM"]
[BlackTitle "GM"]
[WhiteElo "2487"]
[BlackElo "2563"]
[WhiteTeam "GER"]
[BlackTeam "ITA"]
[WhiteClock "0:01:38"]
[BlackClock "0:09:31"]
[Variant "Standard"]

1. d4 {[%clk 2:00:27]}  Nf6 {[%clk 1:59:42]} 2. c4 {[%clk 2:00:35]}  b6 {[%clk 1:57:15]} 3. Nc3 {[%clk 2:00:30]}  Bb7 {[%clk 1:57:26]} 4. Qc2 {[%clk 2:00:29]}  Nc6 {[%clk 1:57:37]} 5. Nf3 {[%clk 2:00:07]}  Nb4 {[%clk 1:56:14]} 6. Qb1 {[%clk 1:58:44]}  Bxf3 {[%clk 1:56:23]} 7. exf3 {[%clk 1:58:01]}  g6 {[%clk 1:55:50]} 8. Be3 {[%clk 1:55:38]}  e6 {[%clk 1:54:36]} 9. Be2 {[%clk 1:53:09]}  Bg7 {[%clk 1:54:45]} 10. O-O {[%clk 1:49:52]}  O-O {[%clk 1:54:53]} 11. Qd1 {[%clk 1:39:13]}  Nc6 {[%clk 1:50:08]} 12. d5 {[%clk 1:35:41]}  Ne7 {[%clk 1:47:14]} 13. d6 {[%clk 1:34:55]}  Nf5 {[%clk 1:38:47]} 14. dxc7 {[%clk 1:34:12]}  Qxc7 {[%clk 1:38:57]} 15. Nb5 {[%clk 1:30:03]}  Qb8 {[%clk 1:38:24]} 16. Qd2 {[%clk 1:22:30]}  d5 {[%clk 1:32:39]} 17. Nd4 {[%clk 1:10:43]}  Nxe3 {[%clk 1:21:27]} 18. fxe3 {[%clk 1:09:25]}  Qb7 {[%clk 1:19:23]} 19. Rac1 {[%clk 1:08:02]}  Rfd8 {[%clk 1:13:10]} 20. c5 {[%clk 1:05:53]}  bxc5 {[%clk 1:12:46]} 21. Rxc5 {[%clk 1:06:01]}  Rac8 {[%clk 1:06:56]} 22. Rfc1 {[%clk 1:04:17]}  Rxc5 {[%clk 1:07:06]} 23. Rxc5 {[%clk 1:04:21]}  Bh6 {[%clk 1:07:16]} 24. Qc3 {[%clk 1:02:55]}  Nd7 {[%clk 1:05:47]} 25. Rc6 {[%clk 0:56:37]}  Nb8 {[%clk 0:54:54]} 26. Rc5 {[%clk 0:55:56]}  e5 {[%clk 0:55:02]} 27. Nb3 {[%clk 0:38:07]}  d4 {[%clk 0:54:43]} 28. Qa5 {[%clk 0:38:05]}  Bxe3+ {[%clk 0:51:34]} 29. Kh1 {[%clk 0:33:01]}  Qb6 {[%clk 0:37:09]} 30. Bd3 {[%clk 0:29:29]}  Nd7 {[%clk 0:27:37]} 31. Rc7 {[%clk 0:26:37]}  Nf6 {[%clk 0:21:59]} 32. Qxe5 {[%clk 0:14:13]}  Nd5 {[%clk 0:21:48]} 33. Rc4 {[%clk 0:06:38]}  Nf4 {[%clk 0:17:10]} 34. Bf1 {[%clk 0:05:09]}  d3 {[%clk 0:13:07]} 35. Rxf4 {[%clk 0:05:09]}  Bxf4 {[%clk 0:13:18]} 36. Qxf4 {[%clk 0:05:20]}  Qxb3 {[%clk 0:13:08]} 37. axb3 {[%clk 0:04:28]}  d2 {[%clk 0:13:19]} 38. Qc4 {[%clk 0:04:16]}  d1=Q {[%clk 0:13:28]} 39. h3 {[%clk 0:04:25]}  Qe1 {[%clk 0:12:53]} 40. Kh2 {[%clk 0:03:38]}  Qe5+ {[%clk 0:12:57]} 41. f4 {[%clk 0:03:42]}  Qxb2 {[%clk 0:13:04]} 42. Qc7 {[%clk 0:03:55]}  Qd4 {[%clk 0:13:04]} 43. Bc4 {[%clk 0:04:00]}  Rd7 {[%clk 0:13:10]} 44. Qb8+ {[%clk 0:02:16]}  Kg7 {[%clk 0:13:21]} 45. h4 {[%clk 0:02:29]}  h5 {[%clk 0:13:24]} 46. Kh3 {[%clk 0:01:57]}  Re7 {[%clk 0:13:22]} 47. g3 {[%clk 0:01:07]}  Qd1 {[%clk 0:11:04]} 48. Kh2 {[%clk 0:01:06]}  Qd2+ {[%clk 0:10:14]} 49. Kh3 {[%clk 0:01:18]}  Qe1 {[%clk 0:10:15]} 50. Kg2 {[%clk 0:01:21]}  Re3 {[%clk 0:09:28]} 51. f5 {[%clk 0:01:35]}  Qd2+ {[%clk 0:09:05]} 52. Kh3 {[%clk 0:01:47]}  Qd7 {[%clk 0:09:09]} 53. Qf4 {[%clk 0:00:59]}  Qxf5+ {[%clk 0:09:19]} 54. Qxf5 {[%clk 0:01:12]}  gxf5 {[%clk 0:09:29]} 55. Kg2 {[%clk 0:01:23]}  Rc3 {[%clk 0:09:35]} 56. Bd5 {[%clk 0:01:32]}  a5 {[%clk 0:09:46]} 57. Kf2 {[%clk 0:01:38]}  Kg6 {[%clk 0:09:31]} 0-1

[Event "IM/GM Round-Robin"]
[Site "Heerlen and Maastricht, NL"]
[Date "2024.05.20"]
[Round "9"]
[White "De Winter, Arthur"]
[Black "Pham, Khoi"]
[Result "1-0"]
[Board "2"]
[WhiteFideId "1069020"]
[BlackFideId "1054988"]
[WhiteTitle "IM"]
[BlackTitle "FM"]
[WhiteElo "2407"]
[BlackElo "2399"]
[WhiteTeam "NED"]
[BlackTeam "NED"]
[WhiteClock "0:13:06"]
[BlackClock "0:13:39"]
[Variant "Standard"]

1. e4 {[%clk 2:00:28]}  e5 {[%clk 2:00:25]} 2. Nf3 {[%clk 2:00:39]}  Nc6 {[%clk 2:00:36]} 3. Bb5 {[%clk 2:00:52]}  Nf6 {[%clk 2:00:38]} 4. d3 {[%clk 1:58:47]}  Bc5 {[%clk 2:00:29]} 5. O-O {[%clk 1:58:35]}  Nd4 {[%clk 1:59:46]} 6. Nxd4 {[%clk 1:58:43]}  Bxd4 {[%clk 1:59:56]} 7. c3 {[%clk 1:58:53]}  Bb6 {[%clk 1:59:54]} 8. Ba4 {[%clk 1:59:02]}  c6 {[%clk 1:58:51]} 9. Kh1 {[%clk 1:20:24]}  d6 {[%clk 1:41:30]} 10. h3 {[%clk 1:18:20]}  Be6 {[%clk 1:33:00]} 11. f4 {[%clk 1:17:07]}  h5 {[%clk 1:32:30]} 12. f5 {[%clk 1:12:46]}  Bd7 {[%clk 1:32:39]} 13. Bg5 {[%clk 1:10:25]}  Qc7 {[%clk 1:22:54]} 14. Nd2 {[%clk 1:06:26]}  d5 {[%clk 1:16:06]} 15. Bb3 {[%clk 0:51:30]}  O-O-O {[%clk 1:12:21]} 16. Qf3 {[%clk 0:49:34]}  dxe4 {[%clk 0:42:42]} 17. dxe4 {[%clk 0:42:05]}  Be8 {[%clk 0:41:56]} 18. Nc4 {[%clk 0:38:12]}  Bc5 {[%clk 0:39:16]} 19. a4 {[%clk 0:38:13]}  Be7 {[%clk 0:37:04]} 20. Be3 {[%clk 0:25:34]}  c5 {[%clk 0:36:38]} 21. Rfe1 {[%clk 0:23:11]}  Bc6 {[%clk 0:35:25]} 22. Bg1 {[%clk 0:22:06]}  Ng4 {[%clk 0:30:00]} 23. Ne3 {[%clk 0:19:16]}  Nf6 {[%clk 0:20:33]} 24. Nd5 {[%clk 0:18:52]}  Bxd5 {[%clk 0:20:43]} 25. Bxd5 {[%clk 0:19:01]}  Nxd5 {[%clk 0:20:02]} 26. exd5 {[%clk 0:19:12]}  Bd6 {[%clk 0:19:37]} 27. b4 {[%clk 0:18:09]}  Kb8 {[%clk 0:18:36]} 28. Rab1 {[%clk 0:15:47]}  c4 {[%clk 0:17:43]} 29. Re4 {[%clk 0:14:30]}  Rc8 {[%clk 0:15:10]} 30. a5 {[%clk 0:13:52]}  b5 {[%clk 0:14:39]} 31. axb6 {[%clk 0:13:24]}  axb6 {[%clk 0:14:51]} 32. Qe3 {[%clk 0:13:03]}  Qb7 {[%clk 0:13:41]} 33. Qxb6 {[%clk 0:12:54]}  Qxb6 {[%clk 0:13:52]} 34. Bxb6 {[%clk 0:13:07]}  Kb7 {[%clk 0:13:39]} 35. Bc5 {[%clk 0:13:06]} 1-0

[Event "IM/GM Round-Robin"]
[Site "Heerlen and Maastricht, NL"]
[Date "2024.05.20"]
[Round "9"]
[White "Van Meegen, Ruud"]
[Black "Vandenbussche, Thibaut"]
[Result "1/2-1/2"]
[Board "3"]
[WhiteFideId "1034995"]
[BlackFideId "204412"]
[WhiteTitle "FM"]
[BlackTitle "IM"]
[WhiteElo "2291"]
[BlackElo "2424"]
[WhiteTeam "NED"]
[BlackTeam "BEL"]
[WhiteClock "1:36:24"]
[BlackClock "1:54:56"]
[Variant "Standard"]

1. d4 {[%clk 2:00:27]}  d5 {[%clk 2:00:25]} 2. c4 {[%clk 2:00:37]}  e6 {[%clk 2:00:37]} 3. Nf3 {[%clk 2:00:47]}  Nd7 {[%clk 2:00:46]} 4. g3 {[%clk 2:00:23]}  dxc4 {[%clk 2:00:49]} 5. Bg2 {[%clk 2:00:31]}  Rb8 {[%clk 2:00:51]} 6. a4 {[%clk 1:56:56]}  a6 {[%clk 2:00:44]} 7. a5 {[%clk 1:55:59]}  Bd6 {[%clk 1:59:56]} 8. Nbd2 {[%clk 1:53:00]}  b5 {[%clk 1:58:44]} 9. axb6 {[%clk 1:52:05]}  Nxb6 {[%clk 1:58:56]} 10. O-O {[%clk 1:51:04]}  Ne7 {[%clk 1:58:46]} 11. Qc2 {[%clk 1:36:16]}  O-O {[%clk 1:58:39]} 12. Nxc4 {[%clk 1:36:17]}  Nxc4 {[%clk 1:58:22]} 13. Qxc4 {[%clk 1:36:24]}  Rb5 {[%clk 1:54:56]} 1/2-1/2

[Event "IM/GM Round-Robin"]
[Site "Heerlen and Maastricht, NL"]
[Date "2024.05.20"]
[Round "9"]
[White "Fier, Alexandr"]
[Black "Van Dael, Siem"]
[Result "1-0"]
[Board "4"]
[WhiteFideId "2107139"]
[BlackFideId "1049771"]
[WhiteTitle "GM"]
[BlackTitle "FM"]
[WhiteElo "2574"]
[BlackElo "2275"]
[WhiteTeam "BRA"]
[BlackTeam "NED"]
[WhiteClock "1:41:48"]
[BlackClock "1:25:04"]
[Variant "Standard"]

1. d4 {[%clk 2:00:28]}  Nf6 {[%clk 2:00:26]} 2. c4 {[%clk 2:00:40]}  g6 {[%clk 2:00:37]} 3. g3 {[%clk 2:00:51]}  Bg7 {[%clk 2:00:48]} 4. Bg2 {[%clk 2:01:02]}  O-O {[%clk 2:00:57]} 5. Nc3 {[%clk 2:01:15]}  d6 {[%clk 2:01:07]} 6. Nf3 {[%clk 2:01:27]}  c5 {[%clk 2:01:17]} 7. d5 {[%clk 2:01:38]}  e6 {[%clk 2:01:27]} 8. O-O {[%clk 2:01:49]}  exd5 {[%clk 2:01:38]} 9. cxd5 {[%clk 2:02:01]}  Nbd7 {[%clk 2:01:48]} 10. Re1 {[%clk 1:58:06]}  Re8 {[%clk 1:51:49]} 11. Bf4 {[%clk 1:55:37]}  Nb6 {[%clk 1:48:46]} 12. e4 {[%clk 1:51:47]}  Bg4 {[%clk 1:46:54]} 13. Qb3 {[%clk 1:51:53]}  Nfd7 {[%clk 1:45:52]} 14. Bxd6 {[%clk 1:44:12]}  Bxf3 {[%clk 1:37:58]} 15. Bxf3 {[%clk 1:44:23]}  Qf6 {[%clk 1:36:06]} 16. Bf4 {[%clk 1:44:34]}  g5 {[%clk 1:30:47]} 17. e5 {[%clk 1:44:45]}  Nxe5 {[%clk 1:30:56]} 18. Bxe5 {[%clk 1:44:57]}  Qxf3 {[%clk 1:30:56]} 19. Bxg7 {[%clk 1:45:04]}  Kxg7 {[%clk 1:30:53]} 20. Qb5 {[%clk 1:42:14]}  Rxe1+ {[%clk 1:26:10]} 21. Rxe1 {[%clk 1:42:25]}  Rd8 {[%clk 1:25:35]} 22. Qxc5 {[%clk 1:42:32]}  Nxd5 {[%clk 1:25:04]} 23. Rd1 {[%clk 1:41:48]} 1-0